| 000 | 00599nam a2200181 i 4500 | ||
|---|---|---|---|
| 001 | 113436 | ||
| 003 | ES-MaACL | ||
| 005 | 20230906185906.0 | ||
| 007 | t| | ||
| 008 | 061121s1967 it r ||||1| lat d | ||
| 245 | 0 | 0 |
_aIndex verborum cum documentis Concilii Vaticani Secundi / _cparavit Xaverius Ochoa. |
| 260 |
_aRoma : _bInstitutum Iuridicum Claretianum, _c1967. |
||
| 300 |
_a847 p. ; _c24 cm. |
||
| 611 | 0 | 4 |
_aConcilio Vaticano ( _n2ยบ. _d1962-1965) _9122 |
| 700 | 1 |
_aOchoa, Javier. _986485 |
|
| 710 | 2 |
_aInstitutum Iuridicum Claretianum (Roma) _95256 |
|
| 852 |
_aES-MaACL _jC-34021 _bR.65243 |
||
| 999 |
_c113436 _d113436 |
||